A cselekvés lehetőségeivel élni kell. Markó Béla válaszol Vajnovszki Kázmér kérdéseire
Elmentve itt :
| Szerző: | |
|---|---|
| Adatforrás: | Meister |
| Forrásdokumentuma: | A Hét. - 24 sz., 1998, 3-4 p. |
| Nyelv: | magyar |
| Kulcsszavak: | oral-history politikai interjú politikai intézmények irodalom & politika MARKÓ Béla RMDSZ-Romániai Magyar Demokrata Szövetség |
| LEADER | 00599nab a2200181 i 4500 | ||
|---|---|---|---|
| 001 | bibPRO00007513 | ||
| 008 | 060524s1998 xx hun | ||
| 040 | |a Sz1 | ||
| 041 | |a hun | ||
| 100 | 1 | |a VAJNOVSZKI Kázmér | |
| 245 | 1 | 2 | |a A cselekvés lehetőségeivel élni kell. Markó Béla válaszol Vajnovszki Kázmér kérdéseire |c VAJNOVSZKI Kázmér |
| 695 | |a oral-history | ||
| 695 | |a politikai interjú | ||
| 695 | |a politikai intézmények | ||
| 695 | |a irodalom & politika | ||
| 695 | |a MARKÓ Béla | ||
| 695 | |a RMDSZ-Romániai Magyar Demokrata Szövetség | ||
| 773 | 0 | |t A Hét. - |g 24 sz., 1998, 3-4 p. | |